Europe Map Quiz Stats

 Plays Quiz not verified by Sporcle

Score 0/31 Timer 20:00
0 Plays Today
% Correct
France
94.9%
Germany
91.5%
Spain
88.9%
Ireland
86.3%
Italy
86.3%
Portugal
83.8%
Sweden
82.9%
Norway
81.2%
Poland
74.4%
Greece
71.8%
Belgium
70.1%
Switzerland
69.2%
Austria
68.4%
Denmark
68.4%
Latvia
65%
Estonia
63.2%
% Correct
Netherlands
63.2%
Slovakia
62.4%
Romania
61.5%
Croatia
59%
Lithuania
58.1%
Hungary
58.1%
Czech Republic
57.3%
The Ukraine
56.4%
Bulgaria
54.7%
Slovenia
49.6%
Macedonia
48.7%
Serbia
46.2%
Great Britain
45.3%
Bosnia-Herzegovina
35.9%
Cyprus
28.2%

You're not logged in!

Compare scores with friends on all Sporcle quizzes.
Join for Free
OR
Log In

You Might Also Like...

Show Comments

Extras

Created Sep 6, 2016ReportNominate
Tags:Europe Quiz, map

Top Quizzes Today


Score Distribution

Your Account Isn't Verified!

In order to create a playlist on Sporcle, you need to verify the email address you used during registration. Go to your Sporcle Settings to finish the process.

Report this User

Report this user for behavior that violates our Community Guidelines.

Details: